| 000 | 00363nam a2200109Ia 4500 | ||
|---|---|---|---|
| 008 | 160909s9999 xx 000 0 und d | ||
| 100 | _aWicker, Kenneth D. | ||
| 245 | 2 | _aA study of customer value and loyalty in the supermarket industry | |
| 260 |
_bCapella University. _c2016 |
||
| 650 | _aFOOD | ||
| 856 | _uhttp://pqdtopen.proquest.com/doc/1752059303.html?FMT=ABS | ||
| 999 |
_c304006 _d304006 |
||